00529nam a2200169Ia 4500008004100000020001400041041000800055082001800063100002300081245004900104250000600153260005300159300000800212650000900220999001900229952011100248210716s1986 xx 000 0 und d a876923864 aeng a005.3001 CHRJ aChristensen, Jane. aWord processing simplified and self taught. a1 aNew DelhibPrentice Hall of India PVt Ltd.c1986 a120 aNone c180820d180820 001040708MCAaAIMITbAIMITd2021-07-16l0o005.3001 CHRJpMCA00328r2025-07-21 00:00:00w2021-07-16yBK